000
00312nam a22001217a 4500
020
_a
9781420073393
082
_a
624.1771
_b
RAM/PR
100
_a
Ram S. Gupta
_9
1015
245
_a
Principles of Structural Design: Wood, Steel, and Concrete
260
_a
Boca Raton
_b
CRC Press
_c
2011
300
_a
472
942
_c
BK
999
_c
14589
_d
14589